• 首页
  • 本馆介绍
  • 公告通知
  • 最新文献
  • 馆藏检索
  • 电子资源
  • 读者导购
  • 参考咨询
  • 我的图书馆
  • 登录
  • 详细信息显示
  • 放入我的书架
  • 预约/预借图书
  • 作者相关作品
  • 分类相关作品
  • 丛书相关作品
  • 出版社相关作品

书目信息

  • 表格格式
  • 工作单格式
  • 卡片格式
题名:
直言相告
    
 
作者: 维伦斯 著 ;王刚 , 汤宜朗 译
分册:  
出版信息: 北京   中国轻工业出版社  2000
页数: 307页
开本: 20cm
丛书名: 心理学丛书
单 册:
中图分类: R749.94 , B844.1
科图分类:
主题词: 儿科学--精神病学 , 发展心理学
电子资源:
ISBN: 7-5019-2718-9
000 01085nam2 2200325 450
001 1255259523
005 20120929152305.28
010    @a7-5019-2718-9@dCNY18.00
100    @a20021005d2000 em y0chiy0110 ea
101 1  @achi@ceng
102    @aCN@b110000
105    @ay z 000yy
106    @ar
200 1  @a直言相告@Azhi yan xiang gao@e儿童精神健康与调节@f(美)[T.E.维伦斯]Timothy E.Wilens著@g汤宜朗,王刚译
210    @a北京@c中国轻工业出版社@d2000
215    @a307页@d20cm
225 2  @a心理学丛书@i心理咨询与治疗系列@v3
410  0 @12001 @a心理学丛书
410  0 @12001 @a心理咨询与治疗系列
510 1  @aStraight talk about psychiatric medications for kids@zeng
517 1  @a儿童精神健康与调节@Aer tong jing shen jian kang yu tiao jie
606 0  @a儿科学@x精神病学
606 0  @a发展心理学
690    @aR749.94@v4
690    @aB844.1@v4
701  0 @c(美)@a维伦斯@c(Wilens, Timothy E.)@Awei lun si@4著
702  0 @a王刚@Awang gang@4译
702  0 @a汤宜朗@Atang yi lang@4译
801  0 @aCN@bNLC@c20000313
905    @a10447@dB844.1@eJY141
    
    直言相告:儿童精神健康与调节/(美)[T.E.维伦斯]Timothy E.Wilens著/汤宜朗,王刚译 .-北京:中国轻工业出版社,2000
    307页;20cm .-(心理学丛书.心理咨询与治疗系列;3 )
    
    
    ISBN 7-5019-2718-9:CNY18.00
    
●
相关链接 在E读中查询图书 在五车中查询图书 在当当中查询图书 在豆瓣中查询图书


正题名:直言相告     索取号:B844.1/JY141         预约/预借

序号 登录号 条形码 馆藏地/架位号 状态 备注
1 7830410   278304103   学院路分馆/ [索取号:B844.1/JY141] 在馆    
2 7830411   278304112   学院路分馆/ [索取号:B844.1/JY141] 在馆    
3 7830412   278304121   学院路分馆/ [索取号:B844.1/JY141] 在馆    
4 7830413   278304130   学院路分馆/ [索取号:B844.1/JY141] 在馆    
唐山师范学院图书馆 欢迎您!
大连网信软件有限公司© 版权所有